| 000 | 00383nam a2200145 a 4500 | ||
|---|---|---|---|
| 001 | 2461 | ||
| 003 | CDMR | ||
| 005 | 20130116135232.0 | ||
| 008 | 130130s ||||||||||||||||||||||||||||d | ||
| 040 |
_aCDMR _bcat _cCDMR |
||
| 100 | 1 |
_aMarques Bosch, Juan Bosco _91843 |
|
| 245 | 1 | 4 |
_aLas peculiaridades de la prensa menorquina... _cJuan Bosco Marques Bosch |
| 260 | _aBarcelona | ||
| 942 | _cTSN | ||
| 999 |
_c2461 _d2461 |
||